[Event "Landesliga Nord 9495"]
[Site "Bayern"]
[Date "1995.??.??"]
[Round "?.7"]
[White "Galuschka, Christian"]
[Black "Klos, Stefan"]
[Result "0-1"]
[WhiteElo "1873"]
[BlackElo "2050"]
[PlyCount "90"]
[EventDate "1994.10.09"]
[EventType "team-tourn"]
[EventRounds "9"]
[EventCountry "GER"]
[SourceTitle "EXT 2020"]
[Source "ChessBase"]
[SourceDate "2019.10.17"]
[SourceVersion "1"]
[SourceVersionDate "2019.10.17"]
[SourceQuality "1"]
[WhiteTeam "Cham"]
[BlackTeam "Hof SK II"]
[WhiteTeamCountry "GER"]
[BlackTeamCountry "GER"]

1. e4 e6 2. d4 d5 3. e5 c5 4. c3 Nc6 5. Nf3 Qb6 6. Be3 Bd7 7. Qb3 Qxb3 8. axb3 cxd4 9. Nxd4 Nxe5 10. Nb5 Bxb5 11. Bxb5+ Nc6 12. Rxa7 Rxa7 13. Bxa7 Bd6 14. Bb6 Nf6 15. Ke2 Ke7 16. Na3 Ra8 17. Be3 Ne4 18. Nc2 Ra2 19. Bd3 Rxb2 20. Bxe4 dxe4 21. Kd2 Rxb3 22. g3 Be5 23. c4 Na5 24. Bc5+ Kf6 25. Ne3 Rb2+ 26. Ke1 Rb1+ 27. Nd1 Nxc4 28. Ke2 b5 29. Rf1 Rc1 30. f3 Rc2+ 31. Ke1 Nd2 32. Ne3 Nxf1 33. Nxc2 Nxh2 34. fxe4 Bxg3+ 35. Ke2 Kg5 36. Nd4 Kg4 37. Nxb5 f5 38. Nd4 f4 39. Nxe6 f3+ 40. Kd3 g5 41. Kc4 f2 42. Bxf2 Bxf2 43. Kd5 Nf3 44. Ng7 Bg3 45. Ne8 Be5 0-1

[Event "Landesliga Nord 9495"]
[Site "Bayern"]
[Date "1994.??.??"]
[Round "?.5"]
[White "Klos, Stefan"]
[Black "Olbrich, Joachim"]
[Result "0-1"]
[WhiteElo "2050"]
[BlackElo "2390"]
[PlyCount "58"]
[EventDate "1994.10.09"]
[EventType "team-tourn"]
[EventRounds "9"]
[EventCountry "GER"]
[SourceTitle "EXT 1999"]
[Source "ChessBase"]
[SourceDate "1998.11.16"]
[SourceVersion "1"]
[SourceVersionDate "1998.11.16"]
[SourceQuality "1"]
[WhiteTeam "Hof SK II"]
[BlackTeam "Kitzingen SC"]
[WhiteTeamCountry "GER"]
[BlackTeamCountry "GER"]

1. e4 e5 2. Nf3 Nc6 3. d4 exd4 4. Bc4 Be7 5. Nxd4 Nf6 6. Nc3 Ne5 7. Bb3 d6 8. 0-0 0-0 9. f4 Ng6 10. Kh1 c6 11. Qf3 Qc7 12. Nde2 b5 13. Ng3 a5 14. a3 Be6 15. Bxe6 fxe6 16. Be3 d5 17. f5 dxe4 18. Ncxe4 Nh4 19. Nxf6+ Bxf6 20. Qe4 exf5 21. Qe6+ Kh8 22. Nxf5 Rfe8 23. Qb3 a4 24. Qd3 Rad8 25. Qe2 Qe5 26. Nxh4 Bxh4 27. Rf3 Bg5 28. Re1 Bxe3 29. Qf1 Qc5 0-1